LIBRARY & INFORMATION CENTRE, KCAET, TAVANUR

ONLINE PUBLIC ACCESS CATALOGUE (OPAC)

Deepandhikam (Record no. 17737)

MARC details
000 -LEADER
fixed length control field 00317nam a22001337a 4500
003 - CONTROL NUMBER IDENTIFIER
control field OSt
008 - FIXED-LENGTH DATA ELEMENTS--GENERAL INFORMATION
fixed length control field 231012b |||||||| |||| 00| 0 eng d
041 ## - LANGUAGE CODE
Language code of text/sound track or separate title eng
082 ## - DEWEY DECIMAL CLASSIFICATION NUMBER
Classification number 894.81209
Item number DAM
100 ## - MAIN ENTRY--AUTHOR NAME
Personal name Damodharapillai, P
245 ## - TITLE STATEMENT
Title Deepandhikam
260 ## - PUBLICATION, DISTRIBUTION, ETC. (IMPRINT)
Place of publication City Press
Name of publisher Thiruvanandhapuram
Year of publication 1968
942 ## - ADDED ENTRY ELEMENTS (KOHA)
Koha item type Books
Holdings
Withdrawn status Lost status Damaged status Home library Current library Date acquired Full call number Accession Number Koha item type
      KAUAET KAUAET 12/10/2023 894.81209 DAM 12102 Books
free website counter